[Event "Nuremberg Zabo op 19th"]
[Site "Nuremberg"]
[Date "2017.09.15"]
[Round "1"]
[White "Hoffmann, Sebastian1"]
[Black "Nuesslein, Christian"]
[Result "1-0"]
[WhiteElo "2028"]
[BlackElo "1580"]
[PlyCount "61"]
[EventDate "2017.09.15"]
[EventType "swiss"]
[EventRounds "5"]
[EventCountry "GER"]
[SourceTitle "EXT 2022"]
[Source "ChessBase"]
[SourceDate "2021.10.06"]
[SourceVersion "1"]
[SourceVersionDate "2021.10.06"]
[SourceQuality "1"]

1. e4 a6 2. d4 b5 3. Bd3 Bb7 4. Nf3 Nf6 5. Nbd2 d6 6. 0-0 Nbd7 7. e5 Nd5 8. e6 fxe6 9. Ng5 N7f6 10. Nxe6 Qd7 11. Qe2 Nb4 12. Nxf8 Rxf8 13. Bxh7 0-0-0 14. Bd3 Rh8 15. f3 Nxd3 16. Qxd3 Rh7 17. Ne4 Rdh8 18. Nxf6 gxf6 19. Bf4 e5 20. Bg3 Re7 21. Rfe1 Rhe8 22. Qg6 f5 23. dxe5 dxe5 24. Rad1 Qe6 25. Qxe6+ Rxe6 26. Kf2 f4 27. Bh4 Rh8 28. Bg5 Rhe8 29. h4 Rd6 30. Rxd6 cxd6 31. Bxf4 1-0

[Event "Mittelfranken Mitte-ch"]
[Site "Nuremberg"]
[Date "2017.01.06"]
[Round "2"]
[White "Possart, Dennis"]
[Black "Nuesslein, Christian"]
[Result "0-1"]
[WhiteElo "1252"]
[BlackElo "1929"]
[PlyCount "70"]
[EventDate "2017.01.05"]
[EventType "swiss"]
[EventRounds "7"]
[EventCountry "GER"]
[SourceTitle "EXT 2018"]
[Source "ChessBase"]
[SourceDate "2017.10.13"]
[SourceVersion "1"]
[SourceVersionDate "2017.10.13"]
[SourceQuality "1"]

1. e4 Nf6 2. Nc3 d5 3. exd5 Nxd5 4. Bc4 e6 5. Qf3 c6 6. a3 Nd7 7. d4 Qf6 8. Bxd5 exd5 9. Qxf6 Nxf6 10. Bf4 Nh5 11. Bc7 Be7 12. 0-0-0 0-0 13. Nce2 Be6 14. h3 Rac8 15. Bh2 Rfd8 16. f4 Nf6 17. Nf3 Ne4 18. Rhf1 c5 19. g4 g6 20. Nd2 cxd4 21. Nxd4 Bd7 22. f5 Bg5 23. Bf4 Bxf4 24. Rxf4 g5 25. f6 gxf4 26. Nxe4 dxe4 27. Ne2 f3 28. Nf4 Bc6 29. Rf1 Ba4 30. c3 Bb5 31. Rf2 Ba4 32. Rf1 e3 33. Ne6 fxe6 34. f7+ Kf8 35. b4 e2 0-1

[Event "Nuremberg Zabo op 17th"]
[Site "Nuremberg"]
[Date "2015.09.21"]
[Round "2"]
[White "Nuesslein, Christian"]
[Black "Steindl, Horst"]
[Result "1-0"]
[WhiteElo "1621"]
[BlackElo "1215"]
[PlyCount "55"]
[EventDate "2015.09.21"]
[EventType "swiss"]
[EventRounds "5"]
[EventCountry "GER"]
[SourceTitle "EXT 2018"]
[Source "ChessBase"]
[SourceDate "2017.10.13"]
[SourceVersion "1"]
[SourceVersionDate "2017.10.13"]
[SourceQuality "1"]

1. e4 c6 2. d4 d5 3. Nc3 e6 4. Nf3 Bb4 5. exd5 Bxc3+ 6. bxc3 exd5 7. Be2 Nf6 8. Ba3 Ne4 9. Qd3 c5 10. dxc5 0-0 11. 0-0 Nc6 12. Rfb1 Rb8 13. Nd4 Qf6 14. Qf3 Nxd4 15. cxd4 Qxd4 16. Bb2 Qxc5 17. Ba3 Qxc2 18. Bxf8 Nd2 19. Qg3 Kxf8 20. Rc1 Ne4 21. Qxb8 Qxe2 22. Qxc8+ Ke7 23. Qxb7+ Ke6 24. Rc6+ Nd6 25. Qb8 Qe5 26. Qe8+ Kf6 27. Qxe5+ Kxe5 28. Re1+ 1-0

[Event "Mittelfranken Mitte-ch 1213"]
[Site "Zirndorf"]
[Date "2013.01.06"]
[Round "6"]
[White "Nuesslein, Christian"]
[Black "Weissmann, Peter"]
[Result "1-0"]
[WhiteElo "1686"]
[BlackElo "1724"]
[PlyCount "101"]
[EventDate "2013.01.03"]
[EventType "swiss"]
[EventRounds "7"]
[EventCountry "GER"]
[SourceTitle "EXT 2015"]
[Source "ChessBase"]
[SourceDate "2014.11.20"]
[SourceVersion "1"]
[SourceVersionDate "2014.11.20"]
[SourceQuality "1"]

1. e4 c5 2. Nf3 Nc6 3. d4 cxd4 4. Nxd4 Nf6 5. Nc3 e5 6. Nb3 Bb4 7. Bd3 d5 8. exd5 Nxd5 9. Bd2 Bxc3 10. bxc3 0-0 11. 0-0 f5 12. Bc4 Kh8 13. Qe2 Nb6 14. Bb5 Qf6 15. Rfe1 e4 16. c4 a6 17. Bxc6 Qxc6 18. Na5 Qc7 19. Rad1 Be6 20. Bb4 Rfd8 21. c5 Nd5 22. a3 Nf6 23. Rd6 Rxd6 24. cxd6 Qd7 25. c4 b6 26. c5 bxa5 27. Bxa5 Qc6 28. Rc1 Nd5 29. Qb2 Nf4 30. Rd1 Nd3 31. Qd4 Rb8 32. Bc3 Rb7 33. f3 Qxc5 34. Rxd3 Qxd4+ 35. Rxd4 exf3 36. gxf3 Kg8 37. Ba5 Kf7 38. Bc7 Ke8 39. Ra4 Ra7 40. Rb4 Kd7 41. Rb8 Bd5 42. Rh8 Rb7 43. Rxh7 Bxf3 44. Rxg7+ Kc8 45. Kf2 Be4 46. Ke3 Rb3+ 47. Kd4 Bc6 48. h4 Rxa3 49. Ke5 Ra4 50. Rg8+ Kd7 51. Rd8# 1-0

[Event "Mittelfranken Mitte-ch 1112"]
[Site "Zirndorf"]
[Date "2012.01.07"]
[Round "5"]
[White "Thuerauf, Peter"]
[Black "Nuesslein, Christian"]
[Result "1-0"]
[WhiteElo "1829"]
[BlackElo "1608"]
[PlyCount "69"]
[EventDate "2012.01.05"]
[EventType "swiss"]
[EventRounds "7"]
[EventCountry "GER"]
[SourceTitle "EXT 2015"]
[Source "ChessBase"]
[SourceDate "2014.11.20"]
[SourceVersion "1"]
[SourceVersionDate "2014.11.20"]
[SourceQuality "1"]

1. Nf3 Nf6 2. d4 g6 3. g3 Bg7 4. c4 c5 5. Bg2 Nc6 6. 0-0 cxd4 7. Nxd4 Qb6 8. Nb5 a6 9. N5c3 Qd4 10. Qa4 0-0 11. Rd1 Qa7 12. Na3 Ng4 13. e3 Nf6 14. Nd5 e6 15. Nxf6+ Bxf6 16. Rb1 Be7 17. Bd2 Bf6 18. Qc2 Ne7 19. e4 Rd8 20. Be3 Qb8 21. Bb6 Re8 22. c5 Nc6 23. Nc4 Bd8 24. f4 Rf8 25. b4 e5 26. Bxd8 Rxd8 27. Nd6 b5 28. Qb3 Rf8 29. Qd5 exf4 30. gxf4 Kg7 31. e5 Ra7 32. f5 f6 33. exf6+ Kxf6 34. fxg6 Kxg6 35. Rd3 1-0

[Event "Nuremberg Zabo op 13th"]
[Site "Nuremberg"]
[Date "2011.09.16"]
[Round "1"]
[White "Miller, Eduard"]
[Black "Nuesslein, Christian"]
[Result "1-0"]
[WhiteElo "2153"]
[BlackElo "1608"]
[PlyCount "71"]
[EventDate "2011.09.16"]
[EventType "swiss"]
[EventRounds "5"]
[EventCountry "GER"]
[SourceTitle "EXT 2013"]
[Source "ChessBase"]
[SourceDate "2012.11.22"]
[SourceVersion "1"]
[SourceVersionDate "2012.11.22"]
[SourceQuality "1"]

1. d4 Nf6 2. c4 c5 3. d5 b5 4. cxb5 a6 5. bxa6 Bxa6 6. Nc3 d6 7. Nf3 Nbd7 8. g3 g6 9. Bg2 Bg7 10. Rb1 0-0 11. 0-0 Ng4 12. Qc2 Qa5 13. Bd2 Rfb8 14. b3 Bb5 15. a4 Ba6 16. Rfd1 Rb7 17. e4 Nge5 18. Ne1 Qb6 19. h3 Rab8 20. Bf1 Bxf1 21. Kxf1 Qa6+ 22. Nb5 Nb6 23. f4 Ned7 24. Kg2 Rc8 25. Nd3 c4 26. Nb4 Qa8 27. Nc6 Nb8 28. Na5 cxb3 29. Qxb3 Rd7 30. Rdc1 Rdd8 31. Nc7 Rxc7 32. Rxc7 Qa6 33. Qb5 N6d7 34. Rxd7 Rxd7 35. Qxb8+ Bf8 36. Qb5 1-0

[Event "Nuremberg Zabo op 12th"]
[Site "Nuremberg"]
[Date "2010.09.18"]
[Round "3"]
[White "Cipra, Lothar"]
[Black "Nuesslein, Christian"]
[Result "1-0"]
[WhiteElo "1898"]
[BlackElo "1615"]
[PlyCount "87"]
[EventDate "2010.09.17"]
[EventType "swiss"]
[EventRounds "5"]
[EventCountry "GER"]
[SourceTitle "EXT 2011"]
[Source "ChessBase"]
[SourceDate "2010.11.26"]
[SourceVersion "1"]
[SourceVersionDate "2010.11.26"]
[SourceQuality "1"]

1. d4 Nf6 2. c4 c5 3. d5 b5 4. cxb5 a6 5. bxa6 Bxa6 6. Nc3 d6 7. Nf3 g6 8. g3 Bg7 9. Bg2 0-0 10. 0-0 Nbd7 11. Re1 Nb6 12. e4 Ng4 13. Bf4 Nd7 14. Bf1 Qa5 15. Bxa6 Rxa6 16. h3 Nge5 17. Nxe5 Nxe5 18. Qe2 Nd7 19. Bd2 Qb6 20. b3 Rfa8 21. Reb1 R6a7 22. a4 Qa6 23. Qxa6 Rxa6 24. Ra2 Rb8 25. f4 Bd4+ 26. Kg2 Nb6 27. Nb5 Bg7 28. Rc1 Nxd5 29. Rac2 Nb6 30. e5 Bf8 31. g4 Rd8 32. e6 f6 33. f5 gxf5 34. gxf5 h5 35. Kg3 Kh7 36. Kh4 Bh6 37. Bxh6 Kxh6 38. Rg2 Nd5 39. Rg6+ Kh7 40. Rcg1 c4 41. Rg7+ Kh8 42. Kxh5 cxb3 43. Kh6 Rxa4 44. Rh7# 1-0

[Event "Mittelfranken Mitte-ch 0910"]
[Site "Zirndorf"]
[Date "2010.01.09"]
[Round "6"]
[White "Nuesslein, Christian"]
[Black "Siegl, Melina"]
[Result "1-0"]
[WhiteElo "1928"]
[BlackElo "1348"]
[PlyCount "81"]
[EventDate "2010.01.03"]
[EventType "swiss"]
[EventRounds "7"]
[EventCountry "GER"]
[SourceTitle "EXT 2015"]
[Source "ChessBase"]
[SourceDate "2014.11.20"]
[SourceVersion "1"]
[SourceVersionDate "2014.11.20"]
[SourceQuality "1"]

1. Nf3 d5 2. c4 e6 3. d4 c5 4. Nc3 cxd4 5. Nxd4 dxc4 6. Qa4+ Bd7 7. Qxc4 Nc6 8. Nf3 Rc8 9. Qb3 Na5 10. Qc2 f6 11. a3 e5 12. e4 Qb6 13. Be3 Bc5 14. Bxc5 Qxc5 15. Rc1 Qb6 16. Nd2 Ne7 17. Bd3 0-0 18. 0-0 a6 19. b4 Nac6 20. Nb3 Nd4 21. Qb2 Be6 22. Na4 Qd6 23. Nxd4 exd4 24. Nc5 b5 25. Nxe6 Qxe6 26. Qxd4 Rcd8 27. Qe3 f5 28. Bc2 Qf6 29. e5 Qg6 30. f4 Nd5 31. Bb3 Kh8 32. Qc5 Qb6 33. Qxb6 Nxb6 34. Rc6 Rb8 35. Rd1 Rfc8 36. Rxc8+ Rxc8 37. e6 g6 38. Rd6 Nc4 39. Bxc4 bxc4 40. e7 Kg7 41. Rd8 1-0